Comunicacion y salud en la Argentina / (Registro nro. 1011)
[ vista simple ]
| 000 -LEADER | |
|---|---|
| fixed length control field | 00984nam a2200265 a 4500 |
| 008 - CAMPO DE CONTROL (LIBRO) | |
| fixed length control field | 111021s2011 ag ||||f |||| 001 0 spa d |
| 020 ## - INTERNATIONAL STANDARD BOOK NUMBER | |
| ISBN | 9789876011372 |
| 041 ## - CODIGO DE IDIOMA | |
| Código de idioma del texto/pista de sonido o título separado | spa |
| 092 ## - SIGNATURA TOPOGRAFICA DEWEY LOCAL | |
| número de clasificación | 371.1022 |
| libristica | 66 |
| sección | PET |
| 100 1# - ENTRADA PRINCIPAL--NOMBRE PERSONAL | |
| Nombre personal | Petracci, Mónica |
| Función | Comps. |
| 9 (RLIN) | 1629 |
| 245 ## - TITULO PROPIAMENTE DICHO | |
| Título | Comunicacion y salud en la Argentina / |
| Mención de responsabilidad y remanente de la transcripción de la portada | Mónica Petracci |
| 250 ## - MENCION DE EDICION | |
| Mención de edición | 1a ed. |
| 260 ## - PIE DE IMPRENTA | |
| Lugar de publicación, distribución, etc | Buenos Aires: |
| Nombre de la editorial, distribuidor, etc | La Crujia; |
| Fecha de publicación | 2011. |
| 300 ## - DESCRIPCION FISICA | |
| Extension | 472 p. |
| Dimensiones | 20x14 cm. |
| 500 ## - NOTA GENERAL | |
| Nota general | Petracci, M. y Waisbord, S. (Comps). (2011). Comunicación y salud en la Argentina. (1a ed.). Buenos Aires : La Crujia. |
| 590 ## - NOTAS LOCALES (RLIN) | |
| Nota local | Compra Facimed 2011 |
| 590 ## - NOTAS LOCALES (RLIN) | |
| Nota local | Director de la Colección Inclusiones Daniel Fernández Pedemonte |
| 653 ## - TÉRMINO INDIZADO - PALABRAS CLAVES | |
| Palabra clave | Desafios de salud pública en la Argentina |
| 653 ## - TÉRMINO INDIZADO - PALABRAS CLAVES | |
| Palabra clave | Salud en los medios |
| 653 ## - TÉRMINO INDIZADO - PALABRAS CLAVES | |
| Palabra clave | Comunicación médica institucional |
| 653 ## - TÉRMINO INDIZADO - PALABRAS CLAVES | |
| Palabra clave | Campañas e intervenciones |
| 653 ## - TÉRMINO INDIZADO - PALABRAS CLAVES | |
| Palabra clave | Políticas de salud y comunicación |
| 700 1# - ENTRADAS SECUNDARIAS - NOMBRE PERSONAL | |
| Nombre personal | Waisbord, Silvio |
| Función | Comps. |
| 9 (RLIN) | 1630 |
| 942 ## - ADDED ENTRY ELEMENTS (KOHA) | |
| Source of classification or shelving scheme | Dewey Decimal Classification |
| Item type | Libros |
| Estado de retiro | Existencia | Fuente de clasificación | Estado general | No para prestamo | Colección | Ubicación permanente | ubicación actual | Sala de ubicación | Fecha de adquisición | Total Checkouts | Número de clasificación | Código de barras | Date last seen | Número de ejemplar | Price effective from | Koha tipo de elemento (item) | Public note | Coded location qualifier | Total Renewals | Date last borrowed | Fuente de adquisición |
|---|---|---|---|---|---|---|---|---|---|---|---|---|---|---|---|---|---|---|---|---|---|
| Dewey Decimal Classification | Reference | Biblioteca Medicina | Biblioteca Medicina | Referencia | 21/10/2011 | 371.102 66 PET | 2465 | 06/11/2014 | ej.1 | 21/10/2011 | Reference | LIBRO DE CONSULTA | |||||||||
| Dewey Decimal Classification | Biblioteca Medicina | Biblioteca Medicina | Circulación | 21/10/2011 | 2 | 371.102 66 PET | 2466 | 26/03/2021 | ej.2 | 21/10/2011 | Libros | 6 | 16/03/2020 | ||||||||
| Dewey Decimal Classification | Biblioteca Medicina | Biblioteca Medicina | Circulación | 21/10/2011 | 371.102 66 PET | 2467 | 06/11/2014 | ej.3 | 21/10/2011 | Libros | |||||||||||
| Dewey Decimal Classification | Biblioteca Medicina | Biblioteca Medicina | Circulación | 21/10/2011 | 371.102 66 PET | 2468 | 06/11/2014 | ej.4 | 21/10/2011 | Libros | |||||||||||
| Dewey Decimal Classification | Biblioteca Medicina | Biblioteca Medicina | Circulación | 16/05/2022 | 371.102 66 PET | 4770 | 16/05/2022 | Ej. 5 | 16/05/2022 | Libros | Donación Sánchez, Susana. Mayo 2022 | Donación Sánchez, Susana. Mayo 2022 |